000 00689nam a2200217 a 4500
999 _c10811
_d10811
001 10811
003 BD-JhCC
005 20190409125130.0
008 190409s20022014bg |||| |||| 000 0 ben d
020 _a9788177562781
035 _a(BD-JhCC)10811
040 _aBD-JhCC
_dBD-JhCC
041 _aben
082 _a891.443
_bMOZ 2014
100 _aমজুমদার, তিলোত্তমা
245 _aবসুধারা /
_cতিলোত্তমা মজুমদার
260 _aভারত :
_bআনন্দ পাবলিশার্স,
_c২০১৪
300 _a৪১১ পৃ. :
_c২১ সেমি.
650 _aBengali Novel
942 _2ddc
_cBK